08332 2204105 4500001002100000005001500021008004100036020002200077035002000099082000800119084001400127100001800141245005800159250000600217260003100223300003600254990001200290990001200302990001200314990001200326990001200338990001200350990001200362990001200374990001200386990001200398990001200410990001200422990001200434990001200446990001200458990001200470990001200482990001200494990001200506990001200518990001200530990001200542990001200554990001200566990001200578990001200590990001200602990001200614990001200626990001200638990001200650990001200662990001200674990001200686990001200698990001200710990001200722990001200734990001200746990001200758990001200770990001200782990001200794990001200806990001200818990001200830990001200842990001200854990001200866990001200878990001200890990001200902990001200914990001200926990001200938990001200950990001200962990001200974990001200986990001200998990001201010990001201022990001201034990001201046990001201058990001201070990001201082990001201094990001201106990001201118990001201130990001201142990001201154990001201166990001201178990001201190990001201202990001201214990001201226990001201238990001201250990001201262990001201274990001201286990001201298990001201310990001201322990001201334990001201346990001201358990001201370990001201382990001201394990001201406990001201418990001201430990001201442990001201454990001201466990001201478990001201490990001201502990001201514990001201526990001201538990001201550990001201562990001201574990001201586990001201598990001201610990001201622990001201634990001201646990001201658990001201670990001201682990001201694990001201706990001201718990001201730990001201742990001201754990001201766990001201778990001201790990001201802990001201814990001201826990001201838990001201850990001201862990001201874990001201886990001201898990001201910990001201922990001201934990001201946990001201958990001201970990001201982990001201994990001202006990001202018990001202030990001202042990001202054990001202066990001202078990001202090990001202102990001202114990001202126990001202138990001202150990001202162990001202174990001202186990001202198990001202210990001202222990001202234990001202246990001202258990001202270990001202282990001202294990001202306990001202318990001202330990001202342990001202354990001202366990001202378990001202390990001202402990001202414990001202426990001202438990001202450990001202462990001202474990001202486990001202498990001202510990001202522990001202534990001202546990001202558990001202570990001202582990001202594990001202606990001202618990001202630990001202642990001202654990001202666990001202678990001202690990001202702990001202714990001202726990001202738990001202750990001202762990001202774990001202786990001202798990001202810990001202822990001202834990001202846990001202858990001202870990001202882990001202894990001202906990001202918990001202930990001202942990001202954990001202966990001202978990001202990990001203002990001203014990001203026990001203038990001203050990001203062990001203074990001203086990001203098990001203110990001203122990001203134990001203146990001203158990001203170990001203182990001203194990001203206990001203218990001203230990001203242990001203254990001203266990001203278990001203290990001203302990001203314990001203326990001203338990001203350990001203362990001203374990001203386990001203398990001203410990001203422990001203434990001203446990001203458990001203470990001203482990001203494990001203506990001203518990001203530990001203542990001203554990001203566990001203578990001203590990001203602990001203614990001203626990001203638990001203650990001203662990001203674990001203686990001203698990001203710990001203722990001203734990001203746990001203758990001203770990001203782990001203794990001203806990001203818990001203830990001203842990001203854990001203866990001203878990001203890990001203902990001203914990001203926990001203938990001203950990001203962990001203974990001203986990001203998990001204010990001204022990001204034990001204046990001204058990001204070990001204082990001204094990001204106990001204118990001204130990001204142990001204154990001204166990001204178990001204190990001204202990001204214INLIS00000000000149620260212082102260212 d 0 ind  a978-623-194-602-7 a0010-1124000019 a375 a375 IDA b aDina Alfiynti1 aTeladan Pancasila Presiden Indonesia /cDina Alfiynti a5 aJakarta :bErlangga,c2023 a74 hlm :bIlust ;c14.5 x 21 cm a0754133 a0754134 a0754135 a0754136 a0754137 a0754138 a0754139 a0754140 a0754141 a0754142 a0754143 a0754144 a0754145 a0754146 a0754147 a0754148 a0754149 a0754150 a0754151 a0754152 a0754153 a0754154 a0754155 a0754156 a0754157 a0754158 a0754159 a0754160 a0754161 a0754162 a0754163 a0754164 a0754165 a0754166 a0754167 a0754168 a0754169 a0754170 a0754171 a0754172 a0754173 a0754174 a0754175 a0754176 a0754177 a0754178 a0754179 a0754180 a0754181 a0754182 a0754183 a0754184 a0754185 a0754186 a0754187 a0754188 a0754189 a0754190 a0754191 a0754192 a0754193 a0754194 a0754195 a0754196 a0754197 a0754198 a0754199 a0754200 a0754201 a0754202 a0754203 a0754204 a0754205 a0754206 a0754207 a0754208 a0754209 a0754210 a0754211 a0754212 a0754213 a0754214 a0754215 a0754216 a0754217 a0754218 a0754219 a0754220 a0754221 a0754222 a0754223 a0754224 a0754225 a0754226 a0754227 a0754228 a0754229 a0754230 a0754231 a0754232 a0754233 a0754234 a0754235 a0754236 a0754237 a0754238 a0754239 a0754240 a0754241 a0754242 a0754243 a0754244 a0754245 a0754246 a0754247 a0754248 a0754249 a0754250 a0754251 a0754252 a0754253 a0754254 a0754255 a0754256 a0754257 a0754258 a0754259 a0754260 a0754261 a0754262 a0754263 a0754264 a0754265 a0754266 a0754267 a0754268 a0754269 a0754270 a0754271 a0754272 a0754273 a0754274 a0754275 a0754276 a0754277 a0754278 a0754279 a0754280 a0754281 a0754282 a0754283 a0754284 a0754285 a0754286 a0754287 a0754288 a0754289 a0754290 a0754291 a0754292 a0754293 a0754294 a0754295 a0754296 a0754297 a0754298 a0754299 a0754300 a0754301 a0754302 a0754303 a0754304 a0754305 a0754306 a0754307 a0754308 a0754309 a0754310 a0754311 a0754312 a0754313 a0754314 a0754315 a0754316 a0754317 a0754318 a0754319 a0754320 a0754321 a0754322 a0754323 a0754324 a0754325 a0754326 a0754327 a0754328 a0754329 a0754330 a0754331 a0754332 a0754333 a0754334 a0754335 a0754336 a0754337 a0754338 a0754339 a0754340 a0754341 a0754342 a0754343 a0754344 a0754345 a0754346 a0754347 a0754348 a0754349 a0754350 a0754351 a0754352 a0754353 a0754354 a0754355 a0754356 a0754357 a0754358 a0754359 a0754360 a0754361 a0754362 a0754363 a0754364 a0754365 a0754366 a0754367 a0754368 a0754369 a0754370 a0754371 a0754372 a0754373 a0754374 a0754375 a0754376 a0754377 a0754378 a0754379 a0754380 a0754381 a0754382 a0754383 a0754384 a0754385 a0754386 a0754387 a0754388 a0754389 a0754390 a0754391 a0754392 a0754393 a0754394 a0754395 a0754396 a0754397 a0754398 a0754399 a0754400 a0754401 a0754402 a0754403 a0754404 a0754405 a0754406 a0754407 a0754408 a0754409 a0754410 a0754411 a0754412 a0754413 a0754414 a0754415 a0754416 a0754417 a0754418 a0754419 a0754420 a0754421 a0754422 a0754423 a0754424 a0754425 a0754426 a0754427 a0754428 a0754429 a0754430 a0754431 a0754432 a0754433 a0754434 a0754435 a0754436 a0754437 a0754438 a0754439 a0754440 a0754441 a0754442 a0754443 a0754444 a0754445 a0754446 a0754447 a0754448 a0754449 a0754450 a0754451 a0754452 a0754453 a0754454 a0754455 a0754456 a0754457 a0754458 a0754459 a0754460